000 01318nam a22003017a 4500
001 6967
003 FISKH
005 20250703084148.0
008 250612b cb ||||| |||| 00| 0 eng d
020 _a9780545835336
040 _aFISKH
_beng
_cFISKH
_dFISKH
050 _aPZ7.M478419 F
082 _a813.6
100 _aMcDonald, Megan
_d(1959-)
245 _aFrank pearl in the awful Waffle Kerfuffle /
_cMegan McDonald ; Illustrated by Erwin Madrid Based on the characters ; Created by Peter H. Reynolds
250 _aThis edition first published in 2014
260 _aSomerville :
_bScholastic,
_c2014
300 _a60 pages :
_bcolor illustrations ;
_c23 cm
505 _aJ
520 _a"Just once, Frank Pearl would like to win at something! He is going to win a prize if it's the last thing he does. Could an amazing yo-yo trick or Cookie the parrot land him a prize? Could a blue ribbon be his at the Great Third-Grade Breakfast Bash? With three shots at a prize and Judy Moody cheering him on (sort of?), there's no way that Frank can miss out on a trophy this time" --
521 8 _a470
_bLexile
521 8 _aJ
_bRaz-Plus
650 _2Beginning Chapter Books
_aFiction
650 _2Judy Moody
_aSchool
700 _aMadrid, Erwin
_dillustrator
942 _2ddc
_cBK
_n0
999 _c6967
_d6967